Statistiken für Länder, die die USA besiegen

Klicken Sie hier um das Quiz zu spielen!

Allgemein

  • Dieses Quiz wurde 447 mal gespielt
  • Das Durchschnittsergebnis liegt bei 13 aus 21

Antwortstatistiken

RangKategorieLänder% Korrekt
3Höchste BevölkerungChina, Indien
100%
4Größte LandflächeRussland, Kanada, China
100%
4Nördlichster PunktKanada, Russland, Norwegen
95%
4Die meisten SpanischsprechendenMexiko, Kolumbien, Argentinien
93%
4Die größte Weinproduktion (2014)Italien, Spanien, Frankreich
90%
4Olympische Medaillen im alpinen SkisportÖsterreich, Schweiz, Frankreich
83%
2Die meisten AtomsprengköpfeRussland
83%
4Die meisten 7,5 Erdbeben seit 1900Indonesien, Japan, Chile
82%
3Die meisten internationalen Touristen (2017)Frankreich, Spanien
78%
2Schnellste Person im 100-Meter-SprintJamaika
78%
5Die meisten WölfeKanada, Kasachstan, Russland, Mongolei
72%
5Die meisten gesprochenen SprachenPapua Neu Guinea, Indonesien, etc...
53%
2Die meisten aktiven VulkaneIndonesien
51%
2Die meisten Medaillen bei den Olympischen WinterspielenNorwegen
49%
2Das meiste Ackerland nach FlächeIndien
40%
3Rindfleischverbrauch pro KopfArgentinien, Uruguay
36%
2Die meisten Inseln über 10 km2Kanada
33%
9Die höchste CO2 -Emissionen pro KopfKatar, Kuwait, etc...
27%
10Höchste FettleibigkeitNauru, Palau, etc...
26%
2Die meisten Streifen auf seiner FlaggeMalaysia
19%
2Olympische Goldmedaillen im BaseballKuba
14%

Verteilung der Resultate

Perzentil nach korrekt beantworteten Fragen

Anzahl Personen mit jedem Resultat

Ihre Resultats-Entwicklung

Sie haben dieses Quiz noch nicht gespielt